The north African Campaign 1940-43 (Record no. 410572)

000 -LEADER
fixed length control field 00351cam a22001097a 4500
008 - FIXED-LENGTH DATA ELEMENTS--GENERAL INFORMATION
fixed length control field 180718b1956 xxu||||| |||| 00| 0 eng d
082 ## - DEWEY DECIMAL CLASSIFICATION NUMBER
Classification number N120x54 C733/1
245 ## - TITLE STATEMENT
Title The north African Campaign 1940-43
Statement of responsibility, etc. edited by Bisheshwar Prasad
260 ## - PUBLICATION, DISTRIBUTION, ETC.
Place of publication, distribution, etc. Calcutta
Name of publisher, distributor, etc. S.N. Guha Ray at Sree Saraswaty Press LTD
Date of publication, distribution, etc. 1956
300 ## - PHYSICAL DESCRIPTION
Extent 567p.
700 ## - ADDED ENTRY--PERSONAL NAME
Personal name Prasad, Bisheshwar
Holdings
Withdrawn status Lost status Damaged status Not for loan Permanent Location Current Location Date acquired Full call number Barcode Date last seen Price effective from Koha item type
        Indian Institute of Public Administration Indian Institute of Public Administration 2009-01-20 N120x54 C733/1 5320 2018-07-21 2018-07-21 Book

Powered by Koha